Concerti grossi, 0p. 6 : twelve grand concertos in seven parts

Αποθηκεύτηκε σε:
Λεπτομέρειες βιβλιογραφικής εγγραφής
Κύριος συγγραφέας: Handel, George Frideric 1685-1759
Συγγραφή απο Οργανισμό/Αρχή: Academy of Ancient Music
Άλλοι συγγραφείς: Manze, Andrew (Διευθυντής ορχήστρας)
Μορφή: CD Ηχητικό
Γλώσσα:No linguistic content
Δημοσίευση: Los Angeles, CA : Harmonia Mundi, p1998
Θέματα:
Ετικέτες: Προσθήκη ετικέτας
Δεν υπάρχουν, Καταχωρήστε ετικέτα πρώτοι!

MARC

LEADER 00000njm a2200000 i 4500
001 1/86863
007 sd fs gn m ed
008 051005p19981998us zxx d
028 0 1 |a HMU 907228  |b Harmonia Mundi 
028 0 1 |a HMU 907229  |b Harmonia Mundi 
035 |l 10080665 
040 |a GR-MY-UA  |b gre  |e aacr 
041 0 |g eng  |g fre  |g ger 
082 0 |a 784.24  |2 (22η εκδ.) 
100 1 |a Handel, George Frideric  |d 1685-1759. 
245 1 0 |a Concerti grossi, 0p. 6 :  |h [ηχογράφηση] /  |b twelve grand concertos in seven parts  |c Handel 
260 |a Los Angeles, CA :   |b Harmonia Mundi,   |c p1998 
300 |a 2 δίσκοι CDs (156 λ., 73 δευτ.);  |b ψηφιακή;  |c 4 3/4 ίν.+  |e 1 φυλλάδιο (29 σ.) 
505 0 |a No. 1, in G Major, HWV 319 (14:09)No. 2, in F Major, HWV 320 (11:07)No. 3, in E Minor, HWV 321 (11:09)No. 10, in D Minor, HWV 328 (15:29)No. 11, in A Major, HWV 329 (16:01)No. 7, in B-flat Major, HWV 325 (13:30)No. 6, in G Minor, HWV 324 (15:05)No. 4, in A Minor, HWV 322 (10:57)No. 9, in F Major, HWV 327 (13:08)No. 8, in C Minor, HWV 326 (14:13)No. 12, in B Minor, HWV 330 (11:12) 
511 |a Director: Andrew Manze 
511 |a Εκτέλεση: The Academy of Ancient Music 
650 0 0 |a Concerti grossi. 
700 1 |a Manze, Andrew.  |4 cnd 
710 2 |a Academy of Ancient Music. 
852 |a INST  |b SYROS  |c AV  |e 20051108  |h 784.24 HAN  |p 005500005189  |q 005500005189  |t CD  |y 23  |z cd.2 
852 |a INST  |b SYROS  |c AV  |e 20051005  |h 784.24 HAN  |p 005500005209  |q 005500005209  |t CD  |y 23  |z cd.1 
852 |a INST  |b SYROS  |c AV  |e 20051108  |h 784.24 HAN  |p 005500005189  |q 005500005189  |t CD  |v cd.2:  |y 23  |z cd.2 
852 |a INST  |b SYROS  |c AV  |e 20051005  |h 784.24 HAN  |p 005500005209  |q 005500005209  |t CD  |v cd.1:  |y 23  |z cd.1 
853 |a INST  |b SYROS  |c AV  |h 784.24 HAN 
901 |a BIBL1-2003-2 
909 |a Ε  |b 117136 
909 |a Ε  |b 117128 
920 |a ΔΙΕΥΡΥΝΣΗ  |b ΕΠΕΑΕΚ-ΤΜΣΠΣ  |y ΣΥΡΟΣ  |z 2004-10 
970 |a ΚΟΝΤΟΥ  |b ΠΑΡΑΣΚΕΥΗ  |z 2005/11/01